000 00613nam a2200229Ia 4500
003 OSt
005 20221007064033.0
006 a|||||r|||| 00| 0
007 ta
008 221006b |||||||| |||| 00| 0 eng d
024 _a25,588
037 _cTextual
040 _aFLL
_cFLL
_beng
041 _2eng
_aeng
082 _aV73:2:9zy7, J5
100 _aGriswold Erwin N.
245 0 _a5th amendment today
260 _aCambridge
_bHarvard University Press London
_c1955
300 _avi, 82p
_ccm.
942 _hV73:2:9zy7, J5
_cTEXL
_2CC
999 _c1132825
_d1132825